000 00743nam a2200205 i 4500
001 13450
003 ES-MaACL
005 20240319164210.0
007 t|
008 980407s1981 sp ||||1| spa d
080 _a75 Houasse, Miguel Angel (064.3)
100 1 _aHouasse, Miguel Angel.
_964314
245 1 0 _aMiguel-Angel Houasse, 1680-1730, pintor de la Corte de Felipe V
_b: [exposición], Museo Municipal, noviembre-diciembre 1981.
260 _aMadrid :
_bAyuntamiento de Madrid, Delegación de Cultura,
_cD.L. 1981.
300 _a249 p. :
_bil. ;
_c24 cm.
600 1 4 _aHouasse, Miguel Angel-
_vExposiciones.
_964315
710 2 _aMuseo Municipal de Madrid
_95892
852 _aES-MaACL
_jL-20864
_bR.126536
999 _c13450
_d13450